000 00732nab a2200217 a 4500
005 20210219160749.0
008 991125s1985 mx 000 0 spa u
035 _aUPN01000172073
100 1 _aHerrera, Marina
222 _aREVISTA DE PSICOLOGIA SOCIAL
245 _a¿ Afectan los cambios en el contexto intergrupal a la percepción de los medios de comunicación ? : un estudio longitudinal antes y después de las elecciones generales de 2004
260 _aMadrid, España
300 _a29-40
362 0 _a2009 Vol. 24, no. 1, ene.
653 0 _aCOMUNICACION
653 0 _aIDENTIDAD SOCIAL
653 0 _aRELACIONES INTERGRUPALES
700 1 _aRodrigo, María Florencia,
700 1 _ecoaut.
905 _aArticulo
999 _c144177
_d144177